[Event "56th TCh-DEN Ex 2017-18"]
[Site "Denmark DEN"]
[Date "2018.01.14"]
[Round "6.1"]
[Board "1"]
[White "Teplyi, Igor"]
[Black "Hector, Jonny"]
[Result "0-1"]
[WhiteTitle "IM"]
[BlackTitle "GM"]
[WhiteElo "2412"]
[BlackElo "2493"]
[WhiteTeam "Nordre"]
[BlackTeam "Nordkalotten"]
[WhiteFideId "1413767"]
[BlackFideId "1700090"]
[EventDate "2017.11.18"]

1. d4 d5 2. c4 c6 3. Nf3 Nf6 4. g3 Bg4 5. Ne5 Bf5 6. cxd5 cxd5 7. Nc3 Nc6 8. f3
Rc8 9. e3 g6 10. Qb3 Qc7 11. Nxd5 Nxd5 12. Qxd5 e6 13. Qb5 a6 14. Qa4 b5 15.
Qxa6 Bb4+ 16. Bd2 Bxd2+ 17. Kxd2 Nxe5 18. Bxb5+ Ke7 19. Rhc1 Nxf3+ 20. Ke2 Ng1+
21. Kd2 Qb8 22. Qa3+ Kf6 23. Bc6 Rxc6 24. Rxc6 Qb5 25. Rxg1 Qxc6 26. Qc5 Qe4 0-1

[Event "56th TCh-DEN Ex 2017-18"]
[Site "Denmark DEN"]
[Date "2018.01.14"]
[Round "6.1"]
[Board "2"]
[White "Jepson, Christian"]
[Black "Petersen, Tom Petri"]
[Result "1-0"]
[WhiteTitle "IM"]
[BlackTitle "FM"]
[WhiteElo "2404"]
[BlackElo "2293"]
[WhiteTeam "Nordkalotten"]
[BlackTeam "Nordre"]
[WhiteFideId "1701185"]
[BlackFideId "1403486"]
[EventDate "2017.11.18"]

1. d4 g6 2. e4 Bg7 3. c4 d6 4. Nc3 Nc6 5. d5 Nd4 6. Be3 c5 7. Nge2 Nxe2 8. Bxe2
h5 9. Qd2 a6 10. O-O Nf6 11. f3 O-O 12. a3 h4 13. b4 b6 14. Rab1 Bd7 15. Rb3 Qc7
16. Rfb1 Ra7 17. a4 Nh5 18. f4 Nf6 19. h3 Ne8 20. Bf2 f5 21. Bxh4 Nf6 22. bxc5
bxc5 23. exf5 Bxf5 24. Bd3 Qd7 25. Bxf5 Qxf5 26. Re1 Nh5 27. g4 Qxf4 28. Qxf4
Nxf4 29. Ne4 Bd4+ 30. Kh2 Be5 31. Bg3 Raa8 32. Rf1 Ne2 33. Rxf8+ Rxf8 34. Bxe5
dxe5 35. Re3 Nd4 36. a5 Rc8 37. Kg3 Kg7 38. Ng5 Rb8 39. Rxe5 Kf6 40. Kf4 Rb1 41.
Ne4+ Kf7 42. Nxc5 Rb4 43. Re4 Rxc4 44. Ne6 Ne2+ 45. Ke3 Rxe4+ 46. Kxe4 Nc1 47.
Nc5 Kf6 48. h4 1-0

[Event "56th TCh-DEN Ex 2017-18"]
[Site "Denmark DEN"]
[Date "2018.01.14"]
[Round "6.1"]
[Board "3"]
[White "Olsen, Filip Boe"]
[Black "Brynell, Stellan"]
[Result "1/2-1/2"]
[WhiteTitle "FM"]
[BlackTitle "GM"]
[WhiteElo "2267"]
[BlackElo "2411"]
[WhiteTeam "Nordre"]
[BlackTeam "Nordkalotten"]
[WhiteFideId "1440640"]
[BlackFideId "1700219"]
[EventDate "2017.11.18"]

1. d4 Nf6 2. c4 e6 3. Nc3 Bb4 4. e3 O-O 5. Bd3 d5 6. Nf3 c5 7. O-O dxc4 8. Bxc4
b6 9. dxc5 Qxd1 10. Rxd1 Bxc5 11. a3 Bb7 12. b4 Be7 13. Bb2 Nbd7 14. Rac1 a6 15.
Be2 b5 16. Nd4 Rac8 17. Nb3 Nb6 18. Na5 Ba8 19. Bf3 Bxf3 20. gxf3 Rfd8 21. Rxd8+
Bxd8 22. Ne4 Rxc1+ 23. Bxc1 Nxe4 24. fxe4 Kf8 25. Bb2 Na4 26. Nc6 Nxb2 27. Nxd8
Nc4 28. Nb7 Ke7 29. Nc5 a5 30. bxa5 Nxa5 31. e5 Nc4 32. a4 bxa4 33. Nxa4 Nxe5
34. Kg2 Nd3 35. Nc3 g5 36. Ne4 h6 37. h3 f5 38. Nc3 h5 39. Ne2 h4 40. Nd4 Kf6
41. f3 e5 42. Nb5 Nc5 43. Nc3 Ke6 44. e4 Nd3 45. Nb5 Nf4+ 46. Kh2 fxe4 47. fxe4
Kd7 48. Na3 Kc6 49. Nc4 Ng6 50. Nd2 Kc5 51. Kg2 Nf4+ 52. Kf3 Nxh3 53. Kg4 Ng1
54. Kxg5 h3 55. Nf1 Ne2 56. Kg4 Nf4 57. Nh2 Kd4 58. Kf3 Kd3 59. Ng4 Kd4 60. Nh2
Nd3 61. Ng4 Nc5 62. Nxe5 Kxe5 63. Kg3 1/2-1/2

[Event "56th TCh-DEN Ex 2017-18"]
[Site "Denmark DEN"]
[Date "2018.01.14"]
[Round "6.1"]
[Board "4"]
[White "Sylvan, Jacob"]
[Black "Veng, Johnni"]
[Result "1/2-1/2"]
[WhiteTitle "FM"]
[BlackTitle "FM"]
[WhiteElo "2360"]
[BlackElo "2255"]
[WhiteTeam "Nordkalotten"]
[BlackTeam "Nordre"]
[WhiteFideId "1402137"]
[BlackFideId "1408623"]
[EventDate "2017.11.18"]

1. Nf3 Nf6 2. c4 c6 3. d4 d5 4. Nc3 dxc4 5. a4 Bf5 6. e3 e6 7. Bxc4 Bb4 8. O-O
Nbd7 9. Qe2 Bg6 10. Rd1 O-O 11. h3 Re8 12. Na2 Bd6 13. Bd2 Qe7 14. Bc3 Ne4 15.
Bd3 1/2-1/2

[Event "56th TCh-DEN Ex 2017-18"]
[Site "Denmark DEN"]
[Date "2018.01.14"]
[Round "6.1"]
[Board "5"]
[White "Sloth, Jorn"]
[Black "Kristensen, Kaare Hove"]
[Result "1/2-1/2"]
[WhiteTitle "FM"]
[BlackTitle "FM"]
[WhiteElo "2295"]
[BlackElo "2318"]
[WhiteTeam "Nordre"]
[BlackTeam "Nordkalotten"]
[WhiteFideId "1400240"]
[BlackFideId "1400940"]
[EventDate "2017.11.18"]

1. Nf3 Nf6 2. c4 e6 3. b3 d5 4. Bb2 Be7 5. e3 O-O 6. Nc3 c5 7. Rc1 b6 8. cxd5
Nxd5 9. Nxd5 Qxd5 10. Bc4 Qd8 11. Ne5 Bb7 12. Qg4 1/2-1/2

[Event "56th TCh-DEN Ex 2017-18"]
[Site "Denmark DEN"]
[Date "2018.01.14"]
[Round "6.1"]
[Board "6"]
[White "Hove, Esben Kjems"]
[Black "Baekgaard, Martin"]
[Result "1/2-1/2"]
[WhiteTitle "FM"]
[BlackTitle "FM"]
[WhiteElo "2325"]
[BlackElo "2297"]
[WhiteTeam "Nordkalotten"]
[BlackTeam "Nordre"]
[WhiteFideId "1401505"]
[BlackFideId "1405586"]
[EventDate "2017.11.18"]

1. d4 d5 2. Bf4 Nf6 3. e3 g6 4. c3 Bg7 5. h3 c5 6. Nd2 Qb6 7. Qb3 c4 8. Qc2 Bf5
9. Qc1 Nc6 10. Ngf3 O-O 11. Be2 Rac8 12. O-O Qd8 13. b3 b5 14. a4 a6 15. axb5
axb5 16. bxc4 bxc4 17. Ra6 Nd7 18. Qa1 Ra8 19. g4 Be6 20. Rb1 Qc8 21. Rxa8 Qxa8
22. Ng5 h6 23. Nxe6 fxe6 24. Bf3 Qc8 25. Bg3 Nd8 26. Qa4 Nf7 27. Qc2 g5 28. Bg2
Qc6 29. e4 e5 30. exd5 Qa6 31. Bf1 exd4 32. cxd4 Bxd4 33. Bxc4 Qf6 34. Ne4 Qg6
35. Bd3 Nde5 36. Nc5 Nxd3 37. Qxd3 Qxd3 38. Nxd3 Rc8 39. Rb4 Bf6 40. Rb5 Rc3 41.
Nc5 Be5 42. Ne4 Rc4 43. Bxe5 Nxe5 44. Ng3 Nf3+ 45. Kg2 Nh4+ 46. Kf1 Ng6 47. Nf5
Nf4 48. Ke1 Re4+ 49. Ne3 1/2-1/2

[Event "56th TCh-DEN Ex 2017-18"]
[Site "Denmark DEN"]
[Date "2018.01.14"]
[Round "6.1"]
[Board "7"]
[White "Klitgaard, Thomas"]
[Black "Nielsen, Lars Aaes"]
[Result "0-1"]
[BlackTitle "FM"]
[WhiteElo "2195"]
[BlackElo "2245"]
[WhiteTeam "Nordre"]
[BlackTeam "Nordkalotten"]
[WhiteFideId "1408267"]
[BlackFideId "1401726"]
[EventDate "2017.11.18"]

1. Nf3 b6 2. c4 Bb7 3. e3 Nf6 4. Be2 e5 5. Nxe5 Bxg2 6. Rg1 Bb7 7. Bf3 Nc6 8.
Nxc6 Bxc6 9. Nc3 g6 10. Bxc6 dxc6 11. Qf3 Kd7 12. b3 Bg7 13. Bb2 Qe7 14. O-O-O
Rhe8 15. d4 Ne4 16. Qh3+ Qe6 17. Qxh7 Nxf2 18. Qxg7 Qxe3+ 19. Kb1 Nxd1 20. Rxd1
Qf3 21. c5 Re3 22. Rc1 b5 23. d5 a6 24. dxc6+ Kxc6 25. Qd4 Rae8 26. a4 Qf5+ 27.
Ka2 Re1 28. axb5+ axb5 29. Rxe1 Rxe1 30. Nxb5 Re4 31. Na7+ Kb7 32. c6+ Ka6 33.
Qd3+ Kxa7 34. Bd4+ Rxd4 35. Qxd4+ Ka6 36. Kb2 Qe6 37. Qf4 Kb6 38. Qf3 f5 39. Qf4
Kxc6 40. Qa4+ Kd6 41. Qd4+ Ke7 42. Qg7+ Kd8 43. Qh8+ Kd7 44. Qd4+ Kc8 45. h4 Qd6
46. Qh8+ Kb7 47. h5 Qh2+ 48. Ka3 gxh5 49. Qe8 Qd6+ 50. Kb2 Qd2+ 51. Ka3 Qa5+ 52.
Kb2 h4 53. Qe3 Qd5 54. Qh3 Qe4 55. Ka3 c6 56. Ka2 Kb6 57. Qh2 Kc5 58. Qd2 Kb5
59. Qh2 Kb4 60. Qd2+ Kc5 61. Ka3 f4 62. Qf2+ Kd5 63. Qxh4 f3 64. Qf6 Qe2 65.
Qf5+ Kd4 66. Qf6+ Kd3 67. Qd6+ Ke3 68. Qe5+ Kd2 69. Qd4+ Kc1 70. Qg1+ Qd1 71.
Qf2 Qd2 72. Qc5+ Kd1 73. Qxc6 Qc1+ 0-1

[Event "56th TCh-DEN Ex 2017-18"]
[Site "Denmark DEN"]
[Date "2018.01.14"]
[Round "6.1"]
[Board "8"]
[White "Jakobsen, Peter"]
[Black "Hoiberg, Nina"]
[Result "1/2-1/2"]
[WhiteTitle "FM"]
[BlackTitle "WIM"]
[WhiteElo "2182"]
[BlackElo "2148"]
[WhiteTeam "Nordkalotten"]
[BlackTeam "Nordre"]
[WhiteFideId "1401440"]
[BlackFideId "1400720"]
[EventDate "2017.11.18"]

1. c4 e5 2. g3 c6 3. d4 d6 4. Bg2 Be7 5. Nc3 exd4 6. Qxd4 Bf6 7. Qd3 Be7 8. Nf3
Nf6 9. O-O Na6 10. Bf4 Nc5 11. Qc2 Ne6 12. Bc1 O-O 13. Rd1 Qa5 14. Rb1 Qh5 15.
h3 Rd8 16. Nh4 Ng5 17. Kh2 Nxh3 18. Bxh3 Bxh3 19. Kxh3 g5 20. Bxg5 Qxg5 21. Nf5
Bf8 22. Kg2 Rd7 23. Rd4 Re8 24. Rbd1 Qg6 25. Qd3 d5 26. cxd5 cxd5 27. Qf3 Re5
28. Nh4 Qg7 29. Rf4 Ne4 30. Rxd5 Rdxd5 31. Nxd5 Rxd5 32. Qxe4 Qe5 33. Qf3 Qe6
34. Nf5 Re5 35. Nd4 Qd5 36. Rg4+ Bg7 37. Qxd5 Rxd5 38. Nf3 Kf8 39. b3 Ra5 40. a4
Rc5 41. Nd4 a6 42. b4 Rd5 43. e3 Bh8 44. Re4 Be5 45. g4 b5 46. axb5 Bxd4 47.
Rxd4 Rxb5 48. f4 Kg7 49. Kf3 Rb6 50. f5 h6 51. Kf4 Rb5 52. e4 Rb6 53. e5 Rb5 54.
Ke4 a5 55. bxa5 Rxa5 56. Kf4 Rb5 57. Re4 Rb1 58. e6 fxe6 59. fxe6 Kf8 60. Kf5
Ke7 61. Kg6 Rh1 62. Re5 Rh4 63. g5 hxg5 64. Kxg5 Rh1 65. Re3 Rf1 66. Re2 1/2-1/2

[Event "56th TCh-DEN Ex 2017-18"]
[Site "Denmark DEN"]
[Date "2018.01.14"]
[Round "6.2"]
[Board "1"]
[White "Thybo, Jesper Sondergaard"]
[Black "Lindgren, Philip"]
[Result "1/2-1/2"]
[WhiteTitle "IM"]
[BlackTitle "IM"]
[WhiteElo "2472"]
[BlackElo "2382"]
[WhiteTeam "Jetsmark"]
[BlackTeam "BMS"]
[WhiteFideId "1438832"]
[BlackFideId "1713230"]
[EventDate "2017.11.18"]

1. d4 d5 2. c4 c6 3. Nf3 Nf6 4. Nbd2 Bf5 5. Nh4 Be6 6. e3 g6 7. Nhf3 Bg7 8. b3
O-O 9. Bb2 h6 10. Be2 Nbd7 11. O-O Ne4 12. b4 Nxd2 13. Nxd2 dxc4 14. Nxc4 Bxc4
15. Bxc4 e5 16. Bb3 exd4 17. Bxd4 Nb6 18. Qc2 Bxd4 19. Rad1 Qf6 20. Rxd4 Rad8
21. Rfd1 Kg7 22. Rf4 Rxd1+ 23. Qxd1 Qe5 24. Rd4 Re8 25. h4 Re7 26. Qf3 Qf6 27.
Qg3 Rd7 28. Rf4 Qa1+ 29. Kh2 Nd5 30. Rd4 Nf6 31. Qe5 Rxd4 32. exd4 Qf1 33. Kg3
Qd3+ 34. f3 a6 35. Qc7 Nh5+ 36. Kh2 Qf5 37. Qe5+ Qxe5+ 38. dxe5 Nf4 39. Bc2 Nd5
40. a3 Kf8 41. Kg3 Ke7 42. f4 Nc7 43. h5 gxh5 44. Kh4 Nb5 45. Kxh5 Nxa3 46. Bd3
b6 47. Kxh6 c5 48. bxc5 bxc5 49. Bxa6 c4 50. g4 c3 51. Bd3 c2 52. Bxc2 Nxc2 53.
f5 Ne3 54. Kh5 Nc4 55. e6 fxe6 56. fxe6 1/2-1/2

[Event "56th TCh-DEN Ex 2017-18"]
[Site "Denmark DEN"]
[Date "2018.01.14"]
[Round "6.2"]
[Board "2"]
[White "Haubro, Martin"]
[Black "Rasmussen, Allan Stig"]
[Result "1/2-1/2"]
[WhiteTitle "IM"]
[BlackTitle "GM"]
[WhiteElo "2297"]
[BlackElo "2540"]
[WhiteTeam "BMS"]
[BlackTeam "Jetsmark"]
[WhiteFideId "1414291"]
[BlackFideId "1406000"]
[EventDate "2017.11.18"]

1. e4 c6 2. d4 d5 3. exd5 cxd5 4. c4 Nf6 5. Nc3 g6 6. cxd5 Bg7 7. Be2 Nxd5 8.
Bf3 Nb6 9. Nge2 Nc6 10. Be3 O-O 11. O-O Nc4 12. Bxc6 bxc6 13. Qc1 Ba6 14. Rd1
Qa5 15. Rb1 Rab8 16. b3 Nxe3 17. Qxe3 Rfd8 18. Na4 Qb4 19. Rbc1 Bb5 20. Nac3 Rb7
21. Nxb5 cxb5 22. Qd2 Qxd2 23. Rxd2 e5 24. Rcd1 exd4 25. g3 Rbd7 26. Kf1 Rd6 27.
f4 Ra6 28. Rc2 Bf6 29. Rd3 h5 30. Ke1 Re8 31. Kd2 Re4 32. Kd1 Kg7 33. Rcd2 Rd6
34. h4 Kf8 35. Rc2 Rde6 36. Rcd2 Re3 37. f5 Rxd3 38. Rxd3 gxf5 39. Nf4 Ra6 40.
Nxh5 Bh8 41. Rd2 Ke7 42. Ke2 Re6+ 43. Kf2 Kd6 44. Nf4 Re3 45. Rd3 Kc5 46. Rxe3
dxe3+ 47. Kxe3 Kb4 48. Nd5+ Ka3 49. Nc7 a5 50. Nxb5+ Kxa2 51. Nd6 Kxb3 52. Nb7
Kb4 53. Nxa5 Kxa5 54. Kf4 Kb6 55. Kxf5 Kc7 56. g4 Kd6 57. g5 Ke7 58. h5 Bc3 59.
g6 f6 60. h6 Kf8 61. Ke6 Kg8 62. Kf5 Bb2 63. Ke6 Bc3 64. Kf5 Bb2 65. Ke6 Bc3 66.
Kf5 1/2-1/2

[Event "56th TCh-DEN Ex 2017-18"]
[Site "Denmark DEN"]
[Date "2018.01.14"]
[Round "6.2"]
[Board "3"]
[White "Jensen, Bjarke"]
[Black "Rostgaard, Tobias Valentin"]
[Result "1-0"]
[WhiteTitle "FM"]
[BlackTitle "FM"]
[WhiteElo "2319"]
[BlackElo "2335"]
[WhiteTeam "Jetsmark"]
[BlackTeam "BMS"]
[WhiteFideId "1403702"]
[BlackFideId "1408801"]
[EventDate "2017.11.18"]

1. e4 e5 2. Nf3 Nc6 3. Bc4 Bc5 4. d3 Nf6 5. O-O a6 6. a4 O-O 7. Be3 d6 8. h3
Bxe3 9. fxe3 Na5 10. Ba2 c5 11. Nc3 Nc6 12. Qd2 Be6 13. Bd5 Bxd5 14. exd5 Ne7
15. e4 Ng6 16. Kh2 Qd7 17. Nd1 b5 18. Ne3 c4 19. Ng1 Rfc8 20. Ne2 Qd8 21. Nf5
Ne8 22. Nc3 b4 23. Ne2 a5 24. Ne3 cxd3 25. cxd3 Nc7 26. Nc1 Na6 27. Nb3 Nc5 28.
Nxc5 Rxc5 29. Nc4 Ne7 30. Qf2 f6 31. b3 h6 32. Rae1 Nc8 33. Qf5 Qe7 34. Re3 Rb8
35. Rg3 Kh8 36. Qh5 Nb6 37. Ne3 Qf8 38. Rg6 Rc7 39. Ng4 Rbb7 40. Ne3 Rf7 41. Nf5
Qd8 42. Rf3 Rbd7 43. Qg4 Nc8 44. Rg3 Ne7 45. Rxg7 Rf8 46. Rh7+ Kxh7 47. Qg7# 1-0

[Event "56th TCh-DEN Ex 2017-18"]
[Site "Denmark DEN"]
[Date "2018.01.14"]
[Round "6.2"]
[Board "4"]
[White "Sahl, Bjarke"]
[Black "Thogersen, Rasmus"]
[Result "0-1"]
[WhiteTitle "IM"]
[WhiteElo "2333"]
[BlackElo "2251"]
[WhiteTeam "BMS"]
[BlackTeam "Jetsmark"]
[WhiteFideId "1400231"]
[BlackFideId "1431412"]
[EventDate "2017.11.18"]

1. d4 Nf6 2. c4 g6 3. Nc3 d5 4. cxd5 Nxd5 5. g3 Bg7 6. Bg2 Nxc3 7. bxc3 c5 8. e3
Qa5 9. Bd2 O-O 10. Ne2 Qa6 11. O-O Bf5 12. Nf4 Nc6 13. Re1 e5 14. Nd5 Rac8 15.
e4 Be6 16. dxc5 f5 17. f3 Rfd8 18. Be3 Bf8 19. Qb1 Kh8 20. a4 Bxd5 21. exd5 Rxd5
22. Qb5 Qa5 23. f4 e4 24. Bd4+ Bg7 25. Bxg7+ Kxg7 26. Red1 Rxc5 27. Rd7+ Kh6 28.
Qxb7 Rh8 29. Rc1 Rxc3 30. Rxc3 Qxc3 31. h3 Nd4 32. Qxa7 Ne2+ 33. Kh1 0-1

[Event "56th TCh-DEN Ex 2017-18"]
[Site "Denmark DEN"]
[Date "2018.01.14"]
[Round "6.2"]
[Board "5"]
[White "Christensen, Stefan"]
[Black "Seegert, Kristian"]
[Result "1/2-1/2"]
[WhiteTitle "FM"]
[WhiteElo "2278"]
[BlackElo "2241"]
[WhiteTeam "Jetsmark"]
[BlackTeam "BMS"]
[WhiteFideId "1404148"]
[BlackFideId "1405098"]
[EventDate "2017.11.18"]

1. e4 e5 2. Bc4 Nf6 3. d3 Nc6 4. Nf3 Bc5 5. c3 O-O 6. O-O d5 7. exd5 Nxd5 8. Re1
Bg4 9. Nbd2 Nb6 10. Bb5 Bd6 11. h3 Bh5 12. Bxc6 bxc6 13. Ne4 f5 14. Ng3 Bxf3 15.
Qxf3 Qf6 16. Qxc6 Qg6 17. Kh1 Rae8 18. Bd2 Re6 19. Qb7 Bc5 20. d4 exd4 21. cxd4
Bxd4 22. Qf3 c6 23. Bc3 Bxc3 24. bxc3 Qe8 25. Rxe6 Qxe6 26. Ne2 c5 27. Nf4 Qe5
28. Rd1 g6 29. Qg3 Nc4 30. Kh2 Re8 31. Rd7 Re7 32. Rd5 Qc7 33. Nd3 Qb7 34. Rd8+
Kg7 35. Nxc5 Qb6 36. Rd5 Nd2 37. Rxd2 Qxc5 38. Qd6 Qxd6+ 39. Rxd6 Re2 40. Rd7+
Kf6 41. Rxa7 Rxf2 42. Rxh7 Rxa2 43. Kg3 Rd2 44. Rc7 Rd3+ 45. Kf2 Ke5 46. g3 g5
47. c4 Rc3 48. c5 f4 49. gxf4+ Kxf4 50. Rf7+ Ke4 51. Re7+ Kf4 52. Rf7+ 1/2-1/2

[Event "56th TCh-DEN Ex 2017-18"]
[Site "Denmark DEN"]
[Date "2018.01.14"]
[Round "6.2"]
[Board "6"]
[White "Pedersen, Nicolai Kvist Brondt"]
[Black "Rosenkilde, Alexander"]
[Result "1/2-1/2"]
[WhiteElo "2180"]
[BlackElo "2216"]
[WhiteTeam "BMS"]
[BlackTeam "Jetsmark"]
[WhiteFideId "1413848"]
[BlackFideId "1408488"]
[EventDate "2017.11.18"]

1. d4 Nf6 2. c4 e6 3. g3 d5 4. Nf3 Bb4+ 5. Bd2 Be7 6. Bg2 O-O 7. O-O c6 8. Bf4
b6 9. Nc3 Nh5 10. Bxb8 Rxb8 11. Ne5 Bb7 12. cxd5 cxd5 13. Rc1 Nf6 14. Qa4 a6 15.
Qb3 b5 16. e3 Nd7 17. Nxd7 Qxd7 18. Ne2 b4 19. Qc2 Rfc8 20. Qd2 a5 21. Rxc8+
Rxc8 22. Rc1 Ba6 23. Bf1 Bd6 24. Rxc8+ Qxc8 25. Qc1 Qc4 26. b3 Qxc1 27. Nxc1 Bc8
28. Nd3 f6 29. f4 Kf7 30. Kf2 Ke7 31. Ke2 Bd7 32. Kd2 Be8 33. Be2 g6 34. Bf3 h6
35. Kc2 Bf7 36. Kd2 Bc7 37. Bg2 Bb6 38. Bf3 Kd6 39. Bg2 g5 40. Bf3 Bg6 41. Ke2
Bf5 42. Kd2 g4 43. Bd1 h5 1/2-1/2

[Event "56th TCh-DEN Ex 2017-18"]
[Site "Denmark DEN"]
[Date "2018.01.14"]
[Round "6.2"]
[Board "7"]
[White "Wilbrandt, Simon Pil"]
[Black "Jacobsen, Mikkel Manosri"]
[Result "1/2-1/2"]
[BlackTitle "FM"]
[WhiteElo "2115"]
[BlackElo "2162"]
[WhiteTeam "Jetsmark"]
[BlackTeam "BMS"]
[WhiteFideId "1436988"]
[BlackFideId "1444514"]
[EventDate "2017.11.18"]

1. Nf3 Nf6 2. d4 e6 3. Bf4 b6 4. e3 Bb7 5. Bd3 Be7 6. Nbd2 h6 7. h3 d6 8. O-O
Nbd7 9. Bh2 g5 10. Qe2 a5 11. c4 Rg8 12. d5 exd5 13. cxd5 Nxd5 14. Nd4 Bf6 15.
Rfe1 g4 16. hxg4 h5 17. Bb5 Bxd4 18. exd4+ Kf8 19. Ne4 N7f6 20. gxh5 Nc3 21.
bxc3 Nxe4 22. Qf3 Qh4 23. Bf1 Rb8 24. Qf4 Rg4 25. Qh6+ Kg8 26. Qe3 Ng5 27. Bg3
Qxh5 28. Be2 Nh3+ 29. gxh3 Qxh3 30. Bf3 Rxg3+ 31. fxg3 Qxg3+ 32. Kf1 Bxf3 33.
Qg1 Qxg1+ 34. Kxg1 Kf8 35. Kf2 Bd5 36. a3 a4 37. Re3 1/2-1/2

[Event "56th TCh-DEN Ex 2017-18"]
[Site "Denmark DEN"]
[Date "2018.01.14"]
[Round "6.2"]
[Board "8"]
[White "Nielsen, Thomas Bach2"]
[Black "Grubert, Christian"]
[Result "1/2-1/2"]
[WhiteElo "2146"]
[BlackElo "2156"]
[WhiteTeam "BMS"]
[BlackTeam "Jetsmark"]
[WhiteFideId "1401785"]
[BlackFideId "1406744"]
[EventDate "2017.11.18"]

1. d4 f5 2. Nc3 d5 3. Bg5 h6 4. Bf4 Nf6 5. e3 e6 6. Nf3 Bb4 7. Ne5 O-O 8. Bd3
Nbd7 9. O-O Nxe5 10. Bxe5 Bd6 11. f4 1/2-1/2

[Event "56th TCh-DEN Ex 2017-18"]
[Site "Denmark DEN"]
[Date "2018.01.14"]
[Round "6.3"]
[Board "1"]
[White "Hagen, Andreas Skytte"]
[Black "Hansen, Sune Berg"]
[Result "0-1"]
[WhiteTitle "IM"]
[BlackTitle "GM"]
[WhiteElo "2383"]
[BlackElo "2580"]
[WhiteTeam "Aarhus/Skolerne"]
[BlackTeam "Hillerod"]
[WhiteFideId "1407341"]
[BlackFideId "1400266"]
[EventDate "2017.11.18"]

1. e4 e5 2. Nf3 Nc6 3. Bb5 a6 4. Ba4 Nf6 5. O-O Be7 6. Re1 b5 7. Bb3 d6 8. c3
O-O 9. h3 Nb8 10. d4 Nbd7 11. Nbd2 Bb7 12. Bc2 Re8 13. Nf1 Bf8 14. Ng3 g6 15. a4
c5 16. d5 c4 17. Bg5 Nc5 18. Qd2 Be7 19. Bh6 Nfd7 20. Nh2 Nb6 21. a5 Nba4 22.
Rab1 Qxa5 23. Rf1 Nd3 24. Bxd3 cxd3 25. Qxd3 Qd8 26. f4 Bc8 27. f5 Bg5 28. Ng4
Ra7 29. f6 Nc5 30. Qc2 Bh4 31. Nh5 gxh5 32. g3 Bxg3 33. Rf5 Bxf5 34. exf5 hxg4
35. Qe2 Qxf6 36. Qxg4+ Kh8 37. Bg5 Qg7 38. f6 Qg6 0-1

[Event "56th TCh-DEN Ex 2017-18"]
[Site "Denmark DEN"]
[Date "2018.01.14"]
[Round "6.3"]
[Board "2"]
[White "Schandorff, Lars"]
[Black "Sorensen, Jan"]
[Result "1-0"]
[WhiteTitle "GM"]
[BlackTitle "IM"]
[WhiteElo "2490"]
[BlackElo "2420"]
[WhiteTeam "Hillerod"]
[BlackTeam "Aarhus/Skolerne"]
[WhiteFideId "1400070"]
[BlackFideId "1400150"]
[EventDate "2017.11.18"]

1. c4 c5 2. Nf3 g6 3. d4 cxd4 4. Nxd4 Bg7 5. e4 Nc6 6. Be3 Nf6 7. Nc3 O-O 8. Be2
d6 9. O-O Bd7 10. h3 Nxd4 11. Bxd4 Bc6 12. Qc2 a5 13. Rad1 Nd7 14. Bxg7 Kxg7 15.
Bg4 Re8 16. Bxd7 Qxd7 17. a4 Qe6 18. Nd5 Bxd5 19. Rxd5 Rac8 20. b3 b6 21. Rb5
Rc6 22. f4 Qf6 23. f5 e6 24. e5 dxe5 25. fxg6 Qxg6 26. Qd2 Rg8 27. Rxe5 Kh8 28.
Rf2 Rcc8 29. Qd4 Qg7 30. Qf4 Rcd8 31. Re3 Rd1+ 32. Kh2 Qa1 33. Qe5+ Qxe5+ 34.
Rxe5 Rg7 35. Rb5 Rd6 36. c5 bxc5 37. Rxc5 Rd3 38. Rxa5 Rxb3 39. Ra8+ Rg8 40. Ra7
f5 41. Rc2 Rbg3 42. a5 R3g7 43. Rxg7 Kxg7 44. a6 Ra8 45. Ra2 Ra7 46. Kg3 Kf6 47.
Kf4 e5+ 48. Ke3 Ke6 49. Ra5 Kd6 50. Kd3 Ra8 51. a7 Kc6 52. Kc4 f4 53. Kd3 Kb6
54. Ra2 1-0

[Event "56th TCh-DEN Ex 2017-18"]
[Site "Denmark DEN"]
[Date "2018.01.14"]
[Round "6.3"]
[Board "3"]
[White "Skytte, Rasmus"]
[Black "Ostergaard, Jens"]
[Result "1-0"]
[WhiteTitle "IM"]
[BlackTitle "FM"]
[WhiteElo "2394"]
[BlackElo "2220"]
[WhiteTeam "Aarhus/Skolerne"]
[BlackTeam "Hillerod"]
[WhiteFideId "1404210"]
[BlackFideId "1400606"]
[EventDate "2017.11.18"]

1. e4 c5 2. c3 d5 3. exd5 Qxd5 4. d4 e6 5. Nf3 Nf6 6. Bd3 Nc6 7. O-O Be7 8. c4
Qd8 9. dxc5 Bxc5 10. Nc3 Nb4 11. Bb1 Qxd1 12. Rxd1 Bd7 13. a3 Nc6 14. b4 Be7 15.
Bg5 Ng4 16. Nb5 Rc8 17. Bxe7 Kxe7 18. Nd6 Rc7 19. c5 a5 20. b5 Nce5 21. Nxe5
Nxe5 22. f4 Ng4 23. a4 Nf6 24. Ba2 Rxc5 25. Nxb7 Rc2 26. Bb3 Rc3 27. Rab1 Ne4
28. Nxa5 Ra8 29. Nc4 Nc5 30. Nb6 Ra7 31. Nxd7 Nxb3 32. Ne5 1-0

[Event "56th TCh-DEN Ex 2017-18"]
[Site "Denmark DEN"]
[Date "2018.01.14"]
[Round "6.3"]
[Board "4"]
[White "Jaksland, Tim"]
[Black "Christensen, Tobias"]
[Result "1/2-1/2"]
[WhiteTitle "FM"]
[BlackTitle "IM"]
[WhiteElo "2168"]
[BlackElo "2352"]
[WhiteTeam "Hillerod"]
[BlackTeam "Aarhus/Skolerne"]
[WhiteFideId "1401084"]
[BlackFideId "1400673"]
[EventDate "2017.11.18"]

1. c4 e6 2. g3 d5 3. Bg2 Nc6 4. Nf3 Nf6 5. O-O dxc4 6. Na3 Qd5 7. Qc2 Bxa3 8.
bxa3 e5 9. d3 cxd3 10. exd3 Bf5 11. Ng5 Bxd3 12. Bxd5 Bxc2 13. Bxf7+ Ke7 14. Be3
Ne4 15. Bd5 Nxg5 16. Bxg5+ Kd6 17. Bxc6 bxc6 18. Rac1 Be4 19. Rfe1 Bd5 20. Re2
Rhe8 21. Be3 a5 22. Bc5+ Kd7 23. Rce1 Rab8 24. f4 e4 25. Kf2 Rb5 26. Rc1 Reb8
27. Bd4 g6 28. Ke3 Rb1 29. Rxb1 Rxb1 30. Bc3 a4 31. Re1 Rb8 32. Bb4 Ke6 33. Re2
Kf5 34. h3 h5 35. Rg2 Kf6 36. g4 hxg4 37. hxg4 Be6 38. Bc3+ Ke7 39. Rh2 Bxg4 40.
Kxe4 Rd8 41. Rd2 Bf5+ 42. Ke3 Re8 43. Rd4 Kf7+ 44. Kd2 Ra8 45. Rc4 Ra6 46. Be5
Bb1 47. Bxc7 Bxa2 48. Rc5 Ke6 1/2-1/2

[Event "56th TCh-DEN Ex 2017-18"]
[Site "Denmark DEN"]
[Date "2018.01.14"]
[Round "6.3"]
[Board "5"]
[White "Vinter-Schou, Uffe"]
[Black "Nordenbaek, Jan"]
[Result "1-0"]
[WhiteTitle "IM"]
[WhiteElo "2336"]
[BlackElo "2194"]
[WhiteTeam "Aarhus/Skolerne"]
[BlackTeam "Hillerod"]
[WhiteFideId "1400568"]
[BlackFideId "1401475"]
[EventDate "2017.11.18"]

1. e4 c5 2. Nf3 Nc6 3. Bb5 g6 4. O-O Bg7 5. c3 Nf6 6. Re1 O-O 7. h3 Ne8 8. d4
cxd4 9. cxd4 Nc7 10. Bf1 d5 11. e5 f6 12. exf6 exf6 13. Nc3 Qd6 14. Qb3 Kh8 15.
Nb5 Nxb5 16. Bxb5 Bd7 17. Bd2 Rfe8 18. Bd3 b6 19. Rad1 Rxe1+ 20. Rxe1 Re8 21.
Rxe8+ Bxe8 22. Qd1 Kg8 23. Qe2 Bd7 24. Qe3 Kf7 25. g4 Kg8 26. Kg2 Bf8 27. Ng1
Qe6 28. Ne2 Bd6 29. Qf3 Ne7 30. Bf4 Bc6 31. Qg3 Nc8 32. Ba6 Bxf4 33. Nxf4 Qe4+
34. f3 Qc2+ 35. Qf2 Qxf2+ 36. Kxf2 Nd6 37. Bd3 Kf7 38. h4 b5 39. b3 a5 40. Ke3 1-0